Rodinné podnikanie a rodinné podniky v novej právnej úprave bakalárska práca

Na minha lista:
Detalhes bibliográficos
Autor principal: Vitanovcová, Barbora
Autor Corporativo: Obchodná fakulta EU. Katedra obchodného práva
Outros Autores: Veterníková, Mária, 1964-
Formato: Livro
Idioma:eslovaco
Publicado em: Bratislava 2024
Tags: Adicionar Tag
Sem tags, seja o primeiro a adicionar uma tag!

MARC

LEADER 00000nbm a2200000 4500
001 0302517
005 20241122133231.1
041 0 |a slo 
044 |a SK 
245 1 0 |a Rodinné podnikanie a rodinné podniky v novej právnej úprave  |b bakalárska práca  |c Barbora Vitanovcová ; školiteľ: Mária Veterníková 
264 1 |a Bratislava  |c 2024 
300 |a 48 s. 
100 1 |a Vitanovcová, Barbora 
700 1 |a Veterníková, Mária, 1964- 
710 2 |a Obchodná fakulta EU. Katedra obchodného práva